Statistics for Countries by Borders in Three Minutes

Click here to take the quiz!

General Stats

  • This quiz has been taken 502 times
  • The average score is 150 of 160

Answer Stats

Country % Correct
Niger
99%
Georgia
98%
Nepal
98%
Peru
98%
Germany
98%
Pakistan
98%
Norway
98%
China
98%
Colombia
98%
North Korea
98%
Dem Rep Congo
98%
Myanmar
98%
Mongolia
98%
Mexico
98%
Libya
98%
Kazakhstan
98%
Italy
98%
Finland
98%
France
98%
India
98%
Poland
98%
Canada
98%
Russia
98%
Algeria
98%
Ukraine
98%
Brazil
98%
Venezuela
98%
Spain
98%
Bolivia
98%
Azerbaijan
98%
Suriname
98%
United States
98%
Switzerland
98%
Laos
97%
Latvia
97%
Iraq
97%
United Kingdom
97%
Zambia
97%
Iran
97%
Mauritania
97%
Mozambique
97%
Turkey
97%
Morocco
97%
Saudi Arabia
97%
Tanzania
97%
Namibia
97%
Sweden
97%
Sudan
97%
Oman
97%
South Sudan
97%
Paraguay
97%
South Africa
97%
Afghanistan
97%
Zimbabwe
97%
Austria
97%
Ethiopia
97%
Egypt
97%
Botswana
97%
Argentina
97%
Belarus
97%
Chad
97%
Central African
Republic
97%
Chile
97%
Angola
97%
Bhutan
97%
Turkmenistan
96%
Malaysia
96%
Bulgaria
96%
Ecuador
96%
Burkina Faso
96%
Uganda
96%
Romania
96%
Rep of the Congo
96%
Belgium
96%
Bangladesh
96%
Slovenia
96%
Netherlands
96%
Somalia
96%
Nigeria
96%
Macedonia
96%
Cambodia
96%
Cameroon
96%
Greece
96%
Serbia
96%
Mali
96%
Estonia
96%
United Arab Emirates
96%
Armenia
96%
Uruguay
96%
Yemen
96%
Guyana
96%
Vietnam
96%
Hungary
96%
Indonesia
96%
Kenya
96%
Lithuania
96%
Jordan
95%
Rwanda
95%
Guinea
95%
Portugal
95%
Ireland
95%
Syria
95%
Côte d'Ivoire
95%
Sri Lanka
95%
Thailand
95%
Tajikistan
95%
Czechia
95%
Denmark
95%
Kyrgyzstan
95%
Qatar
94%
Slovakia
94%
Tunisia
94%
Kuwait
94%
Burundi
94%
Montenegro
94%
Costa Rica
94%
Panama
94%
Gabon
94%
Croatia
94%
Israel
94%
Luxembourg
94%
Bosnia and
Herzegovina
93%
Swaziland
93%
Ghana
93%
Papua New Guinea
93%
Albania
93%
Lesotho
93%
Uzbekistan
93%
Senegal
92%
Guatemala
92%
Djibouti
92%
Nicaragua
91%
Honduras
91%
Togo
90%
Moldova
90%
Kosovo
90%
Benin
90%
Liberia
89%
Belize
89%
Eritrea
89%
Timor-Leste
89%
South Korea
89%
Dominican Republic
88%
Haiti
88%
El Salvador
88%
Malawi
87%
Andorra
86%
Sierra Leone
84%
San Marino
84%
Vatican City
84%
Guinea-Bissau
82%
Lebanon
82%
Equatorial Guinea
82%
Palestine
80%
Western Sahara
76%
Gambia
68%
Monaco
66%
Brunei
65%
Liechtenstein
63%
Sint Maarten
55%

Score Distribution

Percentile by Number Answered

Percent of People with Each Score

Your Score History

You have not taken this quiz